000 00863nam a2200289 a 4500
003 AR-BaBNM
005 20251128202756.0
008 082120s2002 ||||||||||||||000 | spa||
040 _cAR-BaBNM
100 1 _aMéndez Calzada, Enrique
245 0 0 _aEnrique Méndez Calzada
260 _aBuenos Aires
_bEdiciones Culturales Argentinas
_bMinisterio de Educación y Justicia
_c1962
300 _a70 p.
_bláms.
490 0 _aBiblioteca del sesquicentenario. Antologías
650 4 _aLITERATURA ARGENTINA
650 4 _aANTOLOGIAS
650 4 _aCRISTIANISMO
650 4 _aESCRITORES
650 4 _aPOESIA
653 _aNARRATIVA
653 _aINFLUENCIA CLASICA
655 _aLITERATURA
700 1 _aLópez Osornio de Fernández Moreno, Dalmira del Carmen
_ecompilador
800 1 _aGonzález, Héctor Blas
_edirector
942 _cBK
998 _cMARTIN
999 _c511
_d511